000 00575nam a22002177a 4500
001 00028884
005 20260424123202.0
008 260424b ag ||||| |||| 00| 0 spa d
020 _a8441308926
040 _aAR-CcCEOS
_bspa
_cAR-CcCEOS
041 _aspa
080 _a94:7(540)
090 _bWAR v.1
100 _aGeofrey C. Ward
_91119
245 _aLos Maharajás :
_bVolumen I /
_cGeofrey C. Ward
264 _aBarcelona :
_bFolio,
_c1998.
300 _a92 p. ;
_c24x18 cm.
490 _vAtlas culturales del mundo
655 0 _aarte
_9138
942 _2udc
_cBK
_n0
999 _c28926
_d28926